000 006730000a22001930004500
090 _aAR
_b01236
245 1 0 _aOrganellar genetic diversity in Penstemon haydenii (<Scrophulariaceae>): an endangered plant species
650 1 4 _aEspecies en extinción
_94653
650 1 4 _aDiversidad genética
_92003
650 1 4 _aPolimorfismo
_956050
651 4 _dDakota
_pEstados unidos
_992749
653 _fScrophulariaceae
_gPenstemon
_ePenstemon haydenii
041 0 _aInglés
700 1 _aLee, Donald J.
_994502
700 1 _aStubbendieck, James
_994503
100 1 _aCaha, Carol A.
_994504
942 _cARTICULO
773 1 _tAmerican Journal of Botany
_3456
_h12
_q1704-1709
_d1998
_g85
999 _c10322
_d10322